00651nam a2200217Ia 4500003000900000008004100009040001300050040001300063041000800076100001800084245004800102250001300150260001200163260000900175300001100184300001000195490000600205942000700211999001700218952019800235IT-RoPAU120407s9999 xx 000 0 und d aIT-RoPAU cIT-RoPAU aita aJames William aSaggi pragmatisti. A cura di Giov. Papini aLanciano aCarabba c1948 a125 p. c19 cm v1 cBK c24894d24894 00102ddc406191_20000000000000071aPAULUSbPAULUSd2012-04-11l0o191.2r2012-04-11 00:00:00w2012-04-11yBKzInserito da: LUCIA In data: 02 settembre 2011 fondo: Via A.Severo 56 Progr:31637